| 000 | 00460nam a2200181Ia 4500 | ||
|---|---|---|---|
| 001 | 8943 | ||
| 005 | 20260306160647.0 | ||
| 008 | 260306t2012||||xx |||||||||||||| ||spa|| | ||
| 041 | _aESP | ||
| 082 |
_a372 _bB141 T. 2 |
||
| 100 |
_aEditoral Océano _eAUT |
||
| 245 | 0 |
_aBiblioteca práctica del docente: _baula práctica de matemáticas |
|
| 260 | _c2012 | ||
| 300 |
_a448 páginas : _c26 cm. |
||
| 650 | _aGEN | ||
| 654 | _aCED | ||
| 942 |
_cLIB _dJUS _fJUS _2ddc _n |
||
| 999 |
_c8943 _d8943 |
||